Religion Quiz

Random Religion or Bible Quiz
Score 0/195 Timer 20:00
2 Plays Today
No. Person % Correct
10k+God/Jesus
99%
107John the Baptist
91.8%
40John the Apostle
91.8%
846Moses
89.6%
240Paul the Apostle
87.1%
23Mary mother of Jesus
86.8%
14Mary Magdalene
86.8%
1088King David
86.1%
220Simon Peter
85.5%
20Adam
84.5%
202Joseph
84.5%
16Joseph, husband of Mary
84.4%
142Samuel the prophet
81.7%
316Abraham
81.5%
206Joshua
77.7%
30Joshua, highpriest at the return
77.7%
21Ruth
77.2%
82Daniel the prophet
77.2%
54Noah
74%
136Jeremiah the prophet
73.5%
353Jacob (Israel)
72.7%
47Esther queen of Persia
71.2%
375King Saul
70.4%
290King Solomon
68.9%
31Judas Iscariot
68.4%
137Isaac
66.9%
20Cain son of Adam
65.9%
59Job
65.8%
28Jonah the prophet
63.4%
37Eli the priest
62%
56Sarah
60.9%
354Aaron the priest
60.1%
24Ezra the scribe
59.7%
53Isaiah the prophet
59%
21James, brother of John
58%
95Elisha the prophet
56.4%
61Satan
54.5%
14Pharaoh Necho
52.1%
19Pharaoh Hophra
52%
121Pharaoh of the Exodus
52%
86Pharaoh of Joseph's day
52%
110Elijah the prophet
51.4%
40Samson the judge
50.5%
29Herod Antipas
48.9%
26Benjamin son of Jacob
45.3%
47Rachel, wife of Jacob
45.2%
14Thomas, disciple of Jesus
44.7%
32Rebekah, wife of Isaac
43.8%
25Timothy, missionary with Paul
43.6%
62Pontius Pilate
43.4%
97Esau
43%
45Judah son of Jacob
41.7%
36Lot, Abraham's nephew
39.2%
27Levi son of Jacob
38.8%
14Andrew, disciple of Jesus
36.6%
34Leah, wife of Jacob
36.2%
28Naomi, mother-in-law of Ruth
34.5%
90Jonathan son of Saul
33.1%
22Ishmael son of Nethaniah
32.8%
20Ishmael son of Abraham
32.8%
30Nathan, David's prophet
31.7%
22Jezebel wife of Ahab
31.5%
27Boaz, husband of Ruth
29.9%
17Philip the Evangelist
29.8%
16Philip, disciple of Jesus
29.8%
No. Person % Correct
20Reuben son of Jacob
29%
30Caleb, spy of Canaan
28.5%
20Micah who had idols
28.5%
20Shem son of Noah
28.3%
91Ahab king of Israel
28%
16Simeon son of Jacob
27.9%
90Nebuchadnezzar
27.6%
63Gideon the judge
26.8%
14Titus, missionary with Paul
26.7%
17Tiberius Caesar
26.5%
16Hagar, Abraham's servant
26.1%
19Shadrach, Daniel's friend
26%
14Hannah, mother of Samuel
25.4%
19Abednego, Daniel's friend
24.8%
47Jesse, father of David
24.8%
19Meshach, Daniel's friend
24.7%
55Mordecai uncle of Esther
24%
130Hezekiah king of Judah
23.8%
60Josiah king of Judah
23.8%
33Barnabas, missionary with Paul
23.2%
105Absalom son of David
22.9%
31Xerxes king of Persia
22.1%
21Silas, missionary with Paul
19.6%
49Haman, Persian vizier
19.4%
24Uriah the Hittite
19.3%
146Joab, David's general
18.4%
14Abigail wife of David
18.3%
87Jeroboam I k. o. Israel
18%
14Jeroboam II king of Israel
18%
25Darius king of Babylon
18%
14Ephraim son of Joseph
16.9%
53Laban father of Rachel
16.6%
53Rehoboam k. o. Judah
16.4%
14Tamar daughter of David
16.2%
23Cyrus king of Persia
16.1%
30Manasseh son of Joseph
16%
26Manasseh king of Judah
16%
58Asa king of Israel
16%
64Balaam the seer
15.5%
40Ahaz king of Judah
14.7%
34Uzziah king of Judah
14.2%
58Abner, Saul's general
14.1%
18Michal wife of David
13.6%
68Jehu king of Israel
12.9%
78Jehoshaphat k. o. Judah
12.7%
28Jehoash king of Israel
12.7%
27Joash king of Judah
12.7%
14Barak the judge
11.9%
17Ner, father of Abner
11.2%
30Nun, father of Joshua
11%
38Abimelech the judge
10.7%
24Abimelech king of Gerar
10.7%
58Zedekiah king of Judah
10.6%
64Eleazar son of Aaron
10.5%
20Og king of Bashan
10.5%
38Balak king of Moab
10.2%
25Joram king of Israel
10%
18Naaman the Syrian
10%
42Zadok the priest
9.8%
42Jehoiakim king of Judah
9.8%
28Amnon son of David
9.5%
15Artaxerxes king of Persia
9.5%
21Korah, rebel against Moses
9.4%
17Amon king of Judah
9.3%
14Omri king of Israel
9.1%
No. Person % Correct
36Ahaziah king of Judah
9%
25Baruch, Jeremiah's scribe
8.8%
30Jehoiachin king of Judah
8.7%
20Nabal, husband of Abigail
8.6%
29Jehoram king of Judah
8.4%
17Mephibosheth son of Jonathan
8.3%
18Perez son of Judah
8.3%
14Festus governor of Judea
8.3%
25Hiram king of Tyre
8.2%
37Amaziah king of Judah
8.2%
38Asaph, David's musician
8.1%
25Adonijah son of David
8%
34Sihon king of Heshbon
7.8%
24Zerubbabel, high priest
7.7%
23Abijah king of Judah
7.7%
14Kish father of Saul
7.6%
17Phinehas, high priest
7.5%
24Jephthah the judge
7.5%
15Athaliah queen of Judah
7.4%
24Jotham king of Judah
7.3%
30Jehoiada, high priest
7.3%
20Jehoiada father of Benaiah
7.3%
30Abiathar, David's priest
7.2%
22Naboth, vineyard owner
7.1%
16Nethaniah f. of Ishmael
7.1%
14Ish-Bosheth son of Saul
6.9%
19Sisera, Canaanite general
6.9%
27Benaiah, David's bodyguard
6.8%
27Baasha king of Israel
6.8%
22Micaiah the prophet
6.6%
14Heman, David's musician
6.6%
16Ahimelech, high priest
6.6%
25Ben-Hadad king of Aram
6.5%
20Gehazi, Elisha's servant
6.5%
16Sennacherib king of Assyria
6.2%
15Shechem the Canaanite
6.2%
15Jehoahaz king of Israel
6.2%
15Gershon son of Levi
6.1%
18Shimei the troublemaker
6.1%
17Ziba, steward of Mephibosheth
6%
26Abishai brother of Joab
5.9%
15Manoah, father of Samson
5.8%
17Amasa, Absalom's general
5.8%
19Kohath son of Levi
5.6%
21Merari son of Levi
5.5%
25Nebat, father of Jeroboam
5.5%
16Asahel, brother of Joab
5.5%
27Gedaliah, Jerusalem's governor
5.4%
19Hilkiah, high priest
5.3%
21Ithamar son of Aaron
5.3%
24Hazael king of Aram
5.3%
15Johanan son of Kareah
5.3%
26Zeruiah, mother of Joab
5.2%
29Shaphan, Josiah's secretary
5.1%
20Ahithophel, David's adviser
5.1%
15Hezron grandson of Judah
5.1%
14Kareah father of Johanan
5%
19Achish king of Gath
5%
15Jephunneh, father of Caleb
4.9%
16Nebuzaradan, Babylonian general
4.7%
17Makir son of Manasseh
4.5%
15Jeduthun, David's music director
4.4%
19Hadadezer king of Aram
4.3%
20Ahikam son of Shaphan
4.1%
17Araunah the Jebusite
4%
Remove Ads.
Support Sporcle.
Get the best of Sporcle when you Go Orange. This ad-free experience offers more features, more stats, and more fun while also helping to support Sporcle. Thank you for becoming a member.

You're not logged in!

Compare scores with friends on all Sporcle quizzes.
OR
Log In

Sporcle TV

Today on Sporcle TV


Watch our educational content, quiz creation guides, and fun videos on Sporcle TV.

Show Comments

Extras

Top Quizzes Today


Score Distribution

Paid Content

Your Account Isn't Verified!

In order to create a playlist on Sporcle, you need to verify the email address you used during registration. Go to your Sporcle Settings to finish the process.

Report this User

Report this user for behavior that violates our Community Guidelines.

Details: